|
|
|
|
| LEADER |
00619cam a2200181 7i4500 |
| 001 |
0000024919 |
| 005 |
20170218090000.0 |
| 020 |
|
|
|a 9835202680
|
| 050 |
0 |
0 |
|a HD58.7 AHM 2002
|
| 090 |
0 |
0 |
|a HD58.7
|b .A37 2002
|
| 100 |
0 |
|
|a Ahmad Shukri Mohd Nain
|
| 245 |
1 |
0 |
|a Tingkah laku organisasi :
|b pengenalan kepada tingkah laku individu
|c Ahmad Shukri Mohd Nain.
|
| 260 |
|
|
|a Skudai, Johor:
|b Penerbit UTM,
|c 2002.
|
| 300 |
|
|
|a xi, 271 p.:
|b ill.;
|c 25 cm.
|
| 650 |
0 |
0 |
|a Adlerian psychology
|
| 650 |
0 |
0 |
|a Organizational behavior
|
| 997 |
|
|
|a Business & Accountancy, Faculty
|
| 999 |
|
|
|a 0000121306
|b BOK
|c OPEN SHELF
|e 1st Floor, Bestari Jaya
|